El delincuente

I tiakina i:
Ngā taipitopito rārangi puna kōrero
Kaituhi matua: Rojas, Manuel (Author)
Hōputu: Pukapuka
Reo:Pāniora
I whakaputaina: Santiago Zig-Zag 1973
Putanga:6a. ed
Rangatū:Libros de bolsillo Zig-zag
Ngā marau:
Ngā Tūtohu: Tāpirihia he Tūtohu
Kāore He Tūtohu, Me noho koe te mea tuatahi ki te tūtohu i tēnei pūkete!

MARC

LEADER 00000nam a2200000 a 4500
001 UCH6825
003 CL-VaPUC
008 091109e19730000CL |||||||||||||||||spa|d
082 0 4 |a Ch863  |b ROJ  |2 21 
100 0 |a Rojas, Manuel  |e author  |9 313776 
245 1 3 |a El delincuente 
250 |a 6a. ed 
300 |a 146 p 
942 |c BK 
945 |d 20091109 00:00:00  |a lazolas 
260 |a Santiago  |b Zig-Zag  |c 1973 
650 0 |a Cuentos chilenos   |9 308280 
650 0 |a Literatura chilena   |9 308278 
650 0 |a Prosa chilena   |9 267787 
650 0 |a Formas y géneros literarios  |9 324031 
583 |a last modification  |c 20091109 00:00:00  |k Rodrigo Vera 
490 0 |a Libros de bolsillo Zig-zag 
999 |c 337645  |d 337643